|
|
|
|
| LEADER |
01373nam a22003494a 4500 |
| 001 |
35476 |
| 003 |
BD-DhAAL |
| 005 |
20211130121059.0 |
| 008 |
190929t2004 caua b 001 0 eng |
| 999 |
|
|
|c 41461
|d 41461
|
| 010 |
|
|
|a 2003025006
|
| 020 |
|
|
|a 1412904617 (cloth)
|
| 020 |
|
|
|a 1412904625 (paper)
|
| 020 |
|
|
|a 9781412904629
|
| 040 |
|
|
|a DLC
|c DLC
|d DLC
|d BD-DhAAL
|
| 042 |
|
|
|a pcc
|
| 050 |
0 |
0 |
|a LB2806
|b .E46 2004
|
| 082 |
0 |
0 |
|a 371.2
|2 22
|
| 100 |
1 |
|
|a Eller, John,
|d 1957-
|9 35580
|
| 245 |
1 |
0 |
|a Effective group facilitation in education :
|b how to energize meetings and manage difficult groups /
|c John Eller.
|
| 260 |
|
|
|a Thousand Oaks, Calif. :
|b Corwin Press,
|c c2004.
|
| 300 |
|
|
|a xviii, 201 pages :
|b illustrations ;
|c 26 cm.
|
| 504 |
|
|
|a Includes bibliographical references (p. 193-194) and index.
|
| 526 |
|
|
|a BIED
|
| 541 |
|
|
|a Complimentary copy from BIED
|e 35476
|
| 650 |
|
0 |
|a School management and organization.
|9 35581
|
| 650 |
|
0 |
|a Group facilitation.
|9 35582
|
| 650 |
|
0 |
|a Educational leadership.
|9 35583
|
| 650 |
|
0 |
|a Social science
|9 35584
|
| 852 |
|
|
|a Ayesha Abed Library
|c BIED Collection
|
| 942 |
|
|
|2 ddc
|c BK
|
| 952 |
|
|
|0 0
|1 0
|2 ddc
|4 0
|6 371_200000000000000_ELL
|7 0
|9 66569
|a BRACUL
|b BRACUL
|c GEN
|d 2019-09-29
|e Complimentary copy from BIED
|l 2
|m 1
|o 371.2 ELL
|p 3010035476
|r 2025-10-30
|s 2025-10-16
|t 1
|w 2019-09-29
|y BK
|x Transferred from BIED to General Stacks
|